| 000 | 00529ntaaa2200193 4500 | ||
|---|---|---|---|
| 003 | 01 | ||
| 005 | 20251027202546.0 | ||
| 008 | 0714s1973 ag 01 | ||
| 040 |
_aAR-BaBN _bspa _cAR-BaBN _eaacr _dRIC |
||
| 082 | _a301.4240 C76 | ||
| 100 |
_aConsejo Metodista de Educación Cristiana _920819 |
||
| 245 | _aHacia una vida feliz | ||
| 250 | _a1 ed. | ||
| 260 |
_aBuenos Aires : _bConsejo Metodista de Educación Cristiana, _c1951 |
||
| 300 | _a19 p | ||
| 500 | _aProblemas sexuales de la juventud | ||
| 650 | _asexo | ||
| 942 | _cBK | ||
| 999 |
_c20644 _d20644 |
||